000 00415nam a22001457a 4500
020 _qPB.
040 _cFIZZA ISHAQ
082 _a332.076
_bCFA
100 _aINSTITUTE,CFA.
_9133802
245 _aETHICAL AND PROFESSIONAL STANDARDS QUANTITATIVE METHODS AND ECONOMICS /
_cCFA INSTITUTE.
250 _aVOLUME 1.
260 _aNEW YORK ;
_bCFA INSTITUTE,
_c2010.
300 _a685 P. ;
_c11.1X8.9IN
942 _2ddc
_cBK
999 _c617070
_d617070